[Event "Parnu-B"]
[Site "Parnu"]
[Date "1996.??.??"]
[Round "4"]
[White "Kengis, Edvins"]
[Black "Liiva, Riho"]
[Result "1-0"]
[WhiteElo "2570"]
[BlackElo "2425"]

1.Nf3 d5 2.g3 c6 3.Bg2 Bg4 4.b3 Nd7 5.Bb2 Ngf6 6.c4 e6 7.O-O Bd6 8.d4 O-O
9.Nbd2 Qe7 10.Ne5 Bf5 11.a3 Bc7 12.Nxd7 Nxd7 13.e4 dxe4 14.Nxe4 e5 15.d5 Bxe4
16.Bxe4 Nf6 17.Bg2 Rad8 18.Re1 cxd5 19.cxd5 Rd7 20.Qe2 Nxd5 21.Rad1 Qe6 22.Qc4 Nf6
23.Qxe6 fxe6 24.Bh3 Kf7 25.Rc1 e4 26.Rc4 Bb6 27.Bxf6 Kxf6 28.Rcxe4 Rd6 29.Rxe6+ Rxe6
30.Rxe6+ Kf7 31.Re2 Re8 32.Rc2 Rd8 33.Bf1 Rd7 34.Kg2 Bd4 35.Bd3 g6 36.h4 Kg7
37.Be4 b6 38.b4 Bf6 39.Rc6 Bb2 40.a4 Ba3 41.Rc4 Bb2 42.Kf3 Be5 43.Ke3 Rc7
44.Bc6 Bd6 45.b5 Bc5+ 46.Ke2 Rf7 47.f3 Re7+ 48.Kf1 Bd6 49.Kg2 Re2+ 50.Kh3 Kf6
51.Be4 Ra2 52.Bc2 Ra3 53.Be4 Bc5 54.Bc6 Bd6 55.Rd4 Ke7 56.Re4+ Kf7 57.Bd5+ Kf8
58.Rc4 Ke7 59.Re4+ Kf8 60.Rc4 Ke7 61.Kg4 Rd3 62.Be4 Ra3 63.Kh3 Kf6 64.Rc6 Ke7
65.Rc8 Be5 66.Bc6 Kf6 67.Rd8 Rxa4 68.Rd7 h6 69.f4 Bc3 70.Bd5 g5 71.Rf7+ Kg6
72.f5+ Kh5 73.g4+  1-0

[Event "Parnu-B"]
[Site "Parnu"]
[Date "1996.??.??"]
[Round "8"]
[White "Sepp, Olav"]
[Black "Westerinen, Heikki MJ"]
[Result "1/2-1/2"]
[WhiteElo "2440"]
[BlackElo "2410"]

1.Nf3 d5 2.g3 c6 3.Bg2 Nf6 4.O-O Bf5 5.d3 e6 6.Nc3 h6 7.Nd2 Bc5 8.e4 dxe4
9.dxe4 Bg4 10.Qe1 e5 11.Nc4 Nbd7 12.Kh1 Be6 13.Ne3 Bxe3 14.Bxe3 Bc4 15.Rg1 Ng4
16.Bd2 Nc5 17.f3 Nf6 18.Nd1 Be6 19.Bb4 Qb6 20.Qc3 Nfd7 21.b3 a5 22.Ba3 Na6
23.Nb2 Nb4 24.Nd3 Nxd3 25.Qxd3 O-O-O 26.Rgd1 Nb8 27.Qf1 Rxd1 28.Rxd1 Rd8
29.Bd6 Nd7 30.a3 c5 31.Bh3 Re8 32.Bg2 f6 33.b4 axb4 34.axb4 cxb4 35.Rd2 Nc5
36.Qg1 Na4 37.Qxb6 Nxb6 38.Bxb4 Nc4 39.Rd3 Kc7 40.Bf1 Ra8 41.Kg1 b5 42.h4 h5
43.Be2 Nb2 44.Ra3 Rxa3 45.Bxa3 Bc4 46.Kf2 Bxe2 47.Kxe2 Nc4 48.Bf8 g6 49.Bg7 f5
50.exf5 gxf5 51.g4 Kd7 52.gxf5 Nd6 53.f6 Ke6 54.Kd3 Kf7 55.Bh6 Kxf6 56.Kc3 Nf5
57.Bg5+ Ke6 58.Kd3 Kd5 59.c3 Nd6 60.Be7 Nf5 61.Bf6 Ng3 62.Bg5 Nf5  1/2-1/2

[Event "Petah Tiqwa"]
[Site "Petah Tiqwa"]
[Date "1996.??.??"]
[Round "3"]
[White "Ravia, Mosi"]
[Black "Birnboim, Grigory"]
[Result "1/2-1/2"]
[WhiteElo "2370"]
[BlackElo "2275"]

1.Nf3 d5 2.g3 g6 3.Bg2 Bg7 4.d4 Nf6 5.c4 c6 6.cxd5 cxd5 7.O-O O-O 8.Nc3 Nc6
9.Ne5 e6 10.Nxc6 bxc6 11.Na4 Ne4 12.Be3 Nd6 13.Rc1 Bd7 14.Bd2 Nb5 15.e3 Qe7
16.Nc5 Rfc8 17.Qe2 Be8 18.Rfd1 a5 19.b3 Qa7 20.h4 h5 21.Qf3 Nd6 22.Bf1 Nb7
23.Nd3 c5 24.dxc5 Nxc5 25.Nxc5 Rxc5 26.Rxc5 Qxc5 27.Rc1 Qb6 28.Qd1 Bd7 29.Bc3 Rc8
30.Bxg7 Kxg7 31.Rxc8 Bxc8 32.Qa1+ Kg8 33.Qc3 Ba6 34.Bxa6 Qxa6 35.a3 Qb5 36.Kg2 Kf8
37.Kf3 Ke7 38.Qc7+ Ke8 39.Qc8+ Ke7 40.Qc7+ Ke8 41.Kg2 Kf8 42.b4 axb4 43.Qd6+ Ke8
44.axb4 Qc4 45.Qb8+ Ke7 46.b5 Qe4+ 47.Kh2 Qc2 48.Qa7+ Ke8 49.Qb8+ Ke7  1/2-1/2

[Event "JUG-ch Podgorica"]
[Site "Podgorica"]
[Date "1996.??.??"]
[Round "6"]
[White "Drasko, Milan"]
[Black "Blagojevic, Dragisa"]
[Result "1-0"]
[WhiteElo "2505"]
[BlackElo "2450"]

1.Nf3 d5 2.g3 c6 3.Bg2 Bg4 4.O-O Nd7 5.d4 e6 6.Nbd2 Ngf6 7.Re1 Be7 8.e4 dxe4
9.Nxe4 O-O 10.c3 Qb6 11.Nxf6+ Bxf6 12.Qb3 a5 13.Bf4 Bf5 14.Bd6 Rfc8 15.Ne5 Qxb3
16.axb3 Nxe5 17.dxe5 Bd8 18.Ra3 Bb6 19.Rea1 Ra7 20.b4 Rca8 21.Bc5 Bxc5 22.bxc5 a4
23.b4 Bc2 24.R1a2 Bb3 25.Rd2 Rb8 26.Bf3 Kf8 27.Rd7 Rc8 28.Bd1 Ke8 29.Rd6 Bxd1
30.Rxd1 Rd8 31.Rda1 Rda8 32.Kf1 Kd7 33.Ke2 Kc7 34.c4 b6 35.cxb6+ Kxb6 36.Rd1 Kc7
37.c5 Rb8 38.Rd4 Rd8 39.Rxd8 Kxd8 40.Kd3 Kc7 41.Kc4 h5 42.Kc3 Kd8 43.Kb2 Kc8
44.Rd3 g6 45.Ka3 Ra8 46.h4 Ra7 47.Rd4 Kc7 48.f3 Kc8 49.g4 Kc7 50.gxh5 gxh5
51.Rf4 Kd8 52.Rf6 Ke7 53.f4 Rd7 54.Rh6 Rd1 55.f5 Ra1+ 56.Kb2 Re1 57.f6+ Kd7
58.Rxh5 Re3 59.Rh7 Rb3+ 60.Ka2 Rxb4 61.Rxf7+ Kd8 62.Rf8+ Kd7 63.h5 Rh4 64.Rh8  1-0

[Event "JUG-ch Podgorica"]
[Site "Podgorica"]
[Date "1996.??.??"]
[Round "14"]
[White "Drasko, Milan"]
[Black "Drazic, Sinisa"]
[Result "1-0"]
[WhiteElo "2505"]
[BlackElo "2445"]

1.Nf3 d5 2.g3 Bg4 3.Bg2 Nc6 4.d4 Qd7 5.O-O e6 6.c4 Nge7 7.cxd5 exd5 8.Nc3 f6
9.b4 Bh3 10.Bxh3 Qxh3 11.b5 Na5 12.Qa4 b6 13.Ba3 Qd7 14.Bb4 a6 15.Rfc1 Kd8
16.Rab1 Nc4 17.Bxe7+ Bxe7 18.Nxd5 Qxd5 19.Rxc4 Bd6 20.bxa6 Re8 21.Rc2 g5
22.Ne1 h5 23.Rb5 Qe4 24.Rb3 Qg4 25.f3 Qe6 26.Ng2 Qh3 27.f4 gxf4 28.gxf4 Qf5
29.Qc4 h4 30.h3 Rxa6 31.e4 Qa5 32.e5 fxe5 33.fxe5 Bxe5 34.dxe5 Qxe5 35.Rd3+ Kc8
36.Qxa6+ Kb8 37.Re3 Qa1+ 38.Qf1 Qd4  1-0

[Event "POL-chTJ"]
[Site "Poland"]
[Date "1996.??.??"]
[Round "?"]
[White "Lobejko, Rafal"]
[Black "Stanek, Piotr"]
[Result "1-0"]
[WhiteElo "2215"]
[BlackElo "2140"]

1.Nf3 d5 2.g3 Bf5 3.c4 c6 4.b3 Nf6 5.Bg2 Nbd7 6.Bb2 e6 7.O-O Be7 8.d3 O-O
9.Nbd2 a5 10.Re1 Nc5 11.Qc2 Nfd7 12.a3 Bf6 13.Nd4 Bg6 14.b4 Na6 15.b5 Nab8
16.bxc6 Nxc6 17.Nb5 Qb6 18.Rab1 dxc4 19.Nxc4 Qxb5 20.Bxf6 Qa6 21.Ba1 Rab8
22.Qb2 e5 23.Qb5 Qa7 24.Bxc6 bxc6 25.Qxa5 Ra8 26.Qxa7 Rxa7 27.Nxe5 Nxe5 28.Bxe5 f6
29.Bd6 Rd8 30.Bb4 Rb7 31.Rbc1 Be8 32.f3 Rd5 33.Red1 Rbb5 34.e4 Rd8 35.Kf2 Rc8
36.Rc3 Kf7 37.d4 Rd8 38.g4 h5 39.h3 h4 40.Rc5 Rdb8 41.Rdc1 Bd7 42.Ke3 Rxc5
43.Rxc5 Rb5 44.Rxb5 cxb5 45.d5 g5 46.Be1 Ke7 47.f4 Kf7 48.fxg5 fxg5 49.e5 Be8
50.Ke4  1-0

[Event "POL-ch"]
[Site "Poland"]
[Date "1996.??.??"]
[Round "15"]
[White "Markowski, Tomasz"]
[Black "Matlak, Marek"]
[Result "1-0"]
[WhiteElo "2535"]
[BlackElo "2450"]

1.Nf3 d5 2.g3 Nf6 3.Bg2 Bf5 4.O-O e6 5.c4 c6 6.d3 Nbd7 7.cxd5 exd5 8.Nc3 Be7
9.Qc2 Bg6 10.e4 O-O 11.Nh4 dxe4 12.dxe4 Re8 13.Nxg6 hxg6 14.Bf4 Nf8 15.Rad1 Qa5
16.Bd2 Qa6 17.e5 N6d7 18.Rfe1 Rad8 19.Bf1 Qb6 20.Bc4 Nc5 21.Be3 Qb4 22.Be2 Nce6
23.a3 Qa5 24.Qb3 Bc5 25.Bxc5 Nxc5 26.Qb4 Qb6 27.f4 Nfe6 28.Qxb6 axb6 29.Kf2 b5
30.h4 Nd4 31.Bd3 Kf8 32.Bb1 Ke7 33.b4 Nce6 34.Ne4 Rh8 35.Nd6 b6 36.Be4 f5
37.Bg2 Rd7 38.Re3 Ra7 39.Red3 c5 40.Bd5 Rd8 41.Bxe6 Kxe6 42.Nxb5 Rad7 43.Nc3  1-0

[Event "Rubinstein mem"]
[Site "Polanica Zdroj"]
[Date "1996.??.??"]
[Round "1"]
[White "Markowski, Tomasz"]
[Black "Krasenkow, Michal"]
[Result "1/2-1/2"]
[WhiteElo "2540"]
[BlackElo "2605"]

1.g3 d5 2.Nf3 g6 3.Bg2 Bg7 4.c4 Nf6 5.cxd5 Nxd5 6.O-O O-O 7.Nc3 Nb6 8.d3 Nc6
9.Be3 a5 10.Rc1 a4 11.Qd2 Re8 12.Rfd1 Nb4 13.Nb5 c6 14.Qxb4 Nd5 15.Qd2 cxb5
16.Bh6 Bh8 17.d4 a3 18.bxa3 Rxa3 19.Ng5 Nf6 20.h3 Bg7 21.Bxg7 Kxg7 22.h4 Qa5
23.Qxa5 Rxa5 24.Rd2 Rd8 25.e3 h6 26.Ne4 Nxe4 27.Bxe4 Be6 28.Rc7 Kf6 29.d5 Rd7
30.Rc5 Bf5 31.Bg2 Bb1 32.a4 Rxa4 33.Rxb5 Ba2 34.Rdb2 Ra7 35.e4 Bc4 36.Rb6+ Kg7
37.R2b4 Ra1+ 38.Kh2 Ba6 39.e5 Re1 40.Re4 Rd1 41.Rf4 Rc7 42.g4 Rc4 43.Rxc4 Bxc4
44.Rxb7 Bxd5 45.Rxe7 Be6  1/2-1/2

[Event "Polanica Zdroj op"]
[Site "Polanica Zdroj"]
[Date "1996.??.??"]
[Round "4"]
[White "Rustemov, Alexander"]
[Black "Bernard, Ryszard"]
[Result "1-0"]
[WhiteElo "2495"]
[BlackElo "2345"]

1.Nf3 d5 2.g3 Nf6 3.Bg2 c6 4.O-O Bf5 5.d3 e6 6.Nbd2 h6 7.b3 Be7 8.Bb2 O-O
9.c4 Nbd7 10.a3 a5 11.Qc2 Bh7 12.Bc3 Bd6 13.b4 axb4 14.axb4 Qe7 15.c5 Bc7
16.Bh3 g5 17.Bg2 e5 18.e4 d4 19.Bb2 Bg6 20.Nc4 Nh5 21.Nfd2 f6 22.Nb3 Bf7
23.Bh3 Ng7 24.f3 Ne6 25.Rxa8 Rxa8 26.Ra1 Qd8 27.Qb1 Kf8 28.Bc1 Rxa1 29.Qxa1 Qb8
30.Bd2 Ke7 31.Qa3 Ke8 32.Kf2 h5 33.Qa4 Ke7 34.Bc1 Be8 35.Ba3 Kf7 36.Nbd2 Ndf8
37.Nb6 Kg7 38.Ndc4 g4 39.fxg4 Ng5 40.Bf1 hxg4 41.Be2 Bxb6 42.cxb6 Bf7 43.Qa7 Qc8
44.Nd6 Qe6 45.Nf5+ Kg6 46.Bc1 Nh3+ 47.Kf1 Qb3 48.Qa3 Qc2 49.Qb2 Qa4 50.Bxg4 Ng5
51.h4 Nxe4 52.dxe4 Qb5+ 53.Kf2  1-0

[Event "Rubinstein mem"]
[Site "Polanica Zdroj"]
[Date "1996.??.??"]
[Round "6"]
[White "Markowski, Tomasz"]
[Black "Oll, Lembit"]
[Result "1/2-1/2"]
[WhiteElo "2540"]
[BlackElo "2620"]

1.g3 d5 2.Nf3 c5 3.Bg2 Nc6 4.d4 Nf6 5.O-O cxd4 6.Nxd4 e6 7.c4 Bc5 8.Nb3 Be7
9.cxd5 Nxd5 10.Bd2 e5 11.Nc3 Be6 12.Nxd5 Bxd5 13.Ba5 Bxb3 14.Bxc6+ bxc6 15.Qxd8+ Bxd8
16.axb3 Kd7 17.Rfd1+ Kc8 18.Bxd8 Rxd8 19.Rxd8+ Kxd8 20.Kg2 Kc7  1/2-1/2

[Event "Rubinstein mem"]
[Site "Polanica Zdroj"]
[Date "1996.??.??"]
[Round "8"]
[White "Markowski, Tomasz"]
[Black "Hracek, Zbynek"]
[Result "0-1"]
[WhiteElo "2540"]
[BlackElo "2625"]

1.g3 d5 2.Nf3 Nf6 3.Bg2 c6 4.O-O Bg4 5.d3 e6 6.c4 Nbd7 7.cxd5 Nxd5 8.Nc3 Be7
9.Bd2 O-O 10.Qa4 Bh5 11.Rfc1 a5 12.Qd1 Re8 13.a3 Nxc3 14.Bxc3 a4 15.Bb4 e5
16.Bxe7 Qxe7 17.b4 axb3 18.Qxb3 e4 19.dxe4 Nc5 20.Qb4 Nxe4 21.Qxe7 Rxe7 22.Nd4 Nd6
23.e3 Re5 24.Nb3 Rb5 25.Rc3 Kf8 26.Bf1 Ne4 27.Rd3 Bg6 28.Nd4 Rba5 29.Rb3 R8a7
30.Be2 Nd6 31.Rd1 Ke7 32.e4 Bxe4 33.Re3 Kd7 34.Nb3 Rd5 35.Rc1 b6 36.Re1 Kd8
37.Bc4 Nxc4 38.Rxe4 Nd6 39.Rh4 Rxa3 40.Nd4 Kd7 41.Nc2 Rc3 42.Ne3 Rdc5  0-1

[Event "Polanica Zdroj op"]
[Site "Polanica Zdroj"]
[Date "1996.??.??"]
[Round "8"]
[White "Rustemov, Alexander"]
[Black "Rapoport, Igor"]
[Result "1-0"]
[WhiteElo "2495"]
[BlackElo "2260"]

1.Nf3 d5 2.g3 Bg4 3.Bg2 c6 4.b3 Nf6 5.Bb2 Nbd7 6.d3 e6 7.Nbd2 Be7 8.h3 Bh5
9.O-O O-O 10.c4 a5 11.a3 Ne8 12.Qc2 Bf6 13.b4 Bxb2 14.Qxb2 Qf6 15.Qxf6 Nexf6
16.g4 Bg6 17.Nd4 e5 18.N4b3 a4 19.Na5 Ra7 20.cxd5 Nxd5 21.Bxd5 cxd5 22.Rac1 Nb6
23.Rc5 f5 24.Rfc1 fxg4 25.hxg4 Be8 26.Rc7 Bd7 27.f3 Rc8 28.R1c5 Rxc7 29.Rxc7 Kf7
30.Nc6  1-0

[Event "CZE-ch U18"]
[Site "Prague"]
[Date "1996.??.??"]
[Round "7"]
[White "Forman, Stepan"]
[Black "Cernousek, Lukas"]
[Result "1-0"]
[WhiteElo "1910"]
[BlackElo "2000"]

1.Nf3 d5 2.g3 Bf5 3.Bg2 c6 4.d4 Qc8 5.Bf4 Bh3 6.O-O f6 7.Nbd2 g5 8.Bxb8 Rxb8
9.e4 h5 10.exd5 h4 11.Qe2 Bxg2 12.Kxg2 hxg3 13.fxg3 Qh3+ 14.Kg1 cxd5 15.Rae1 Nh6
16.Nb3 Nf7 17.Nc5 Qc8 18.Nd2 Qc6 19.Ne6 Qd6 20.Rf5 Rc8 21.Nb3 Nd8 22.Nxd8 Kxd8
23.Nc5 Kc7 24.Qg2 e5 25.c4 b6 26.Nb3 dxc4 27.dxe5 fxe5 28.Nd2 Re8 29.Nxc4 Qd4+
30.Ne3 Bc5 31.Kh1 Ref8 32.Rxe5 Rd8 33.Nd5+ Kb8 34.Ne7 Bxe7 35.Rxe7 Rd7 36.h3 Qg4
37.Re8+  1-0

[Event "CRO-Cup"]
[Site "Pula"]
[Date "1996.??.??"]
[Round "?"]
[White "Petek Medic, Mirjana"]
[Black "Belamaric, Tanja"]
[Result "0-1"]
[WhiteElo "2320"]
[BlackElo "2195"]

1.Nf3 d5 2.g3 Nf6 3.Bg2 c6 4.c4 Bf5 5.b3 e6 6.O-O Nbd7 7.Bb2 Bc5 8.d4 Bd6
9.Nbd2 O-O 10.Nh4 Bg6 11.Nxg6 hxg6 12.Re1 e5 13.cxd5 Nxd5 14.e4 N5b6 15.d5 Qe7
16.dxc6 bxc6 17.Qc2 Bc5 18.Nf3 Rac8 19.Rad1 Rc7 20.Re2 Bb4 21.Qc1 Qe6 22.Ng5 Qe7
23.h4 f6 24.Nf3 Qe6 25.Kh2 Be7 26.Bh3 Qf7 27.Qc3 Ra8 28.Red2 Nc5 29.Qc2 Ne6
30.b4 c5 31.b5 c4 32.Bc3 Nc5 33.Ba5 Bf8 34.Rd8 Rxd8 35.Rxd8 Nd3 36.Bf1 Qe7
37.Rb8 Qd6 38.Kg1 Kh7 39.Bxb6 axb6 40.Rxf8 Nb4 41.Qc3 Qxf8 42.Bxc4 Qc5 43.Nd2 Nxa2
44.Qb3 Nb4 45.Kg2 Rc8 46.g4 Rd8 47.Nf3 Qd6 48.g5 Nd3 49.Bxd3 Qxd3 50.Qb4 Qd6
51.Qc4 Qd7 52.Kg3 Qd3 53.Qc7 Qd6 54.Qc4 f5 55.Kg2 fxe4 56.Qxe4 Qd5 57.Qe3 Rf8
58.Kg3 e4 59.Nd2 Qd3 60.Nxe4 Qxe3+ 61.fxe3 Rf5 62.Nc3 Rc5 63.Ne2 Rxb5 64.Nf4 Rc5
65.Kf3 b5 66.Nd3 Rc4 67.e4 b4 68.Ke3 b3  0-1

[Event "Pula op"]
[Site "Pula"]
[Date "1996.??.??"]
[Round "?"]
[White "Petek Medic, Mirjana"]
[Black "Dizdar, Goran"]
[Result "1/2-1/2"]
[WhiteElo "2320"]
[BlackElo "2525"]

1.Nf3 d5 2.g3 c5 3.Bg2 Nc6 4.c4 d4 5.d3 g6 6.O-O Bg7 7.Na3 Nf6 8.Rb1 O-O
9.Nc2 a5 10.b3 e5 11.Bg5 h6 12.Bxf6 Bxf6 13.a3 Be7 14.Qd2 Kg7 15.e3 Bf5 16.exd4 exd4
17.Rfe1 Qd7 18.Ne5 Nxe5 19.Rxe5 Bd6 20.Ree1 Rfe8 21.a4 Rad8 22.Rxe8 Rxe8
23.Re1 b6 24.Bd5 g5 25.Rxe8 Qxe8 26.Qe1 Qd7 27.Qe2 f6 28.Ne1 h5 29.Be4 Qe8
30.Bf3 Qxe2 31.Bxe2 Bg6 32.Ng2 Kf7 33.Kf1 h4 34.Ne1 Bf5 35.Nf3 Kg6 36.Kg2 h3+
37.Kf1 Bd7 38.Ng1 g4 39.f4 Kf5 40.Kf2 Bc6 41.Bd1 Bg2 42.Bc2 Bc7 43.Ne2 Ke6
44.Ng1 Bb8 45.Ne2 Ba7 46.Ng1 Bc6 47.Bd1 Kf5 48.Bc2 Bd7 49.Ne2 Ke6 50.Ng1 Kd6
51.Ne2 Bc8 52.Ng1 b5 53.Ne2 bxc4 54.bxc4 Bb7 55.Ng1 Ke6 56.Ne2 Kf5 57.Bb3 Bb8
58.Bc2  1/2-1/2

[Event "Recklinghausen"]
[Site "Recklinghausen"]
[Date "1996.??.??"]
[Round "4"]
[White "Bischoff, Klaus"]
[Black "Khenkin, Igor"]
[Result "1-0"]
[WhiteElo "2530"]
[BlackElo "2575"]

1.Nf3 d5 2.g3 g6 3.c4 e6 4.Bg2 Bg7 5.O-O Nc6 6.cxd5 exd5 7.d4 Nge7 8.Nc3 O-O
9.e3 a5 10.b3 b6 11.a3 Ba6 12.Re1 Qd6 13.Bb2 h6 14.Qc2 Rac8 15.e4 Bb7 16.Rad1 Rfe8
17.h4 Kf8 18.Bh3 Rb8 19.Nb5 Qd8 20.Ne5 Nxe5 21.dxe5 Bc6 22.a4 Bd7 23.Bxd7 Qxd7
24.Qxc7 Red8 25.exd5 Nxd5 26.Ba3+ Kg8 27.Qxd7 Rxd7 28.Bd6  1-0

[Event "Recklinghausen"]
[Site "Recklinghausen"]
[Date "1996.??.??"]
[Round "6"]
[White "Bischoff, Klaus"]
[Black "Varga, Zoltan"]
[Result "1/2-1/2"]
[WhiteElo "2530"]
[BlackElo "2450"]

1.Nf3 d5 2.g3 c6 3.Bg2 Bg4 4.b3 Nd7 5.Bb2 e6 6.O-O h5 7.h3 Bxf3 8.Bxf3 Qg5
9.e3 Bd6 10.Bg2 f5 11.c4 Ngf6 12.cxd5 exd5 13.h4  1/2-1/2

[Event "Recklinghausen"]
[Site "Recklinghausen"]
[Date "1996.??.??"]
[Round "8"]
[White "Hoefker, Mathias"]
[Black "Straeter, Timo"]
[Result "1-0"]
[WhiteElo "2250"]
[BlackElo "2330"]

1.Nf3 d5 2.g3 Nc6 3.d4 Bg4 4.Bg2 e6 5.O-O Nf6 6.b3 a5 7.a4 Be7 8.Bb2 O-O
9.c4 Ne4 10.Ne5 Nxe5 11.dxe5 Bh5 12.cxd5 exd5 13.Nc3 Nxc3 14.Bxc3 c6 15.Qd2 f6
16.Ra2 fxe5 17.Bxe5 Bf6 18.Qd4 Bxe5 19.Qxe5 Qe8 20.Qd4 Qe7 21.Rc1 Rfe8 22.e3 Bf7
23.Rc5 Qd6 24.Rac2 Qf6 25.Qd2 d4 26.exd4 Bxb3 27.Rb2 Bxa4 28.Rxb7 Qe6 29.Re5 Qg4
30.f3 Qc8 31.Qa2+ Kh8 32.Qf7 Rg8 33.Ree7 Rb8 34.Bh3 Qd8 35.Rxb8 Qxb8 36.Be6  1-0

[Event "Reggio Emilia9596"]
[Site "Reggio Emilia"]
[Date "1996.??.??"]
[Round "2"]
[White "Vaganian, Rafael A"]
[Black "Razuvaev, Yuri S"]
[Result "1/2-1/2"]
[WhiteElo "2645"]
[BlackElo "2585"]

1.g3 d5 2.Nf3 c6 3.Bg2 Bg4 4.O-O Nd7 5.d3 e6 6.b3 Be7 7.Bb2 Bf6 8.d4 Be7
9.Nbd2 Ngf6 10.Re1 O-O 11.e4 dxe4 12.Nxe4 Nxe4 13.Rxe4 Bf5 14.Re3 a5 15.a3 Bf6
16.Qe2 Qc7 17.c4 Bg4 18.h3 Bxf3 19.Bxf3 Rad8 20.Rd1 Nb6 21.a4 c5 22.dxc5 Rxd1+
23.Qxd1 Bxb2 24.cxb6 Qxb6 25.Rd3 Be5 26.Kf1 Qb4 27.Qe1 Qxe1+ 28.Kxe1 b6 29.Kd2 Bf6  1/2-1/2

[Event "Reggio Emilia9697"]
[Site "Reggio Emilia"]
[Date "1996.??.??"]
[Round "4"]
[White "Razuvaev, Yuri S"]
[Black "Godena, Michele"]
[Result "1/2-1/2"]
[WhiteElo "2560"]
[BlackElo "2550"]

1.Nf3 d5 2.g3 c6 3.Bg2 Bg4 4.c4 e6 5.cxd5 Bxf3 6.Bxf3 cxd5 7.Nc3 Nf6 8.O-O Nc6
9.d3 Bc5 10.a3 Rc8 11.Bd2 O-O 12.Rc1 Qe7 13.Bg5 Bd4 14.Bg2 Rfe8 15.e3 h6
16.Bxf6  1/2-1/2

[Event "Reggio Emilia9596"]
[Site "Reggio Emilia"]
[Date "1996.??.??"]
[Round "6"]
[White "Vaganian, Rafael A"]
[Black "Chernin, Alexander"]
[Result "1/2-1/2"]
[WhiteElo "2645"]
[BlackElo "2600"]

1.Nf3 d5 2.g3 Bg4 3.Bg2 Nd7 4.O-O c6 5.d3 Ngf6 6.Nbd2 e5 7.e4 dxe4 8.dxe4 Be7
9.Nc4 O-O 10.Qe1 Qc7 11.Ne3 Bxf3 12.Bxf3 g6 13.Ng4 h5 14.Nxf6+ Nxf6 15.Qe2 Qd7
16.Rd1 Qe6 17.Qe3 Ng4 18.Qb3 Bc5 19.Bxg4 Qxg4 20.Be3 Bxe3 21.Qxe3 Rfd8 22.Rd3 h4
23.Qd2 Rxd3 24.Qxd3 hxg3 25.fxg3 Kg7 26.Rf1 Re8 27.a4 Qg5 28.Rd1 Rd8  1/2-1/2

[Event "Reykjavik op"]
[Site "Reykjavik"]
[Date "1996.??.??"]
[Round "9"]
[White "Conquest, Stuart"]
[Black "Van der Sterren, Paul"]
[Result "0-1"]
[WhiteElo "2540"]
[BlackElo "2535"]

1.g3 d5 2.Nf3 Nf6 3.Bg2 c5 4.c4 Nc6 5.cxd5 Nxd5 6.Nc3 Nc7 7.a3 g6 8.d3 Bg7
9.Be3 Nd4 10.Rc1 O-O 11.O-O Bg4 12.Ng5 h6 13.Nge4 b6 14.b4 cxb4 15.axb4 Qd7
16.Re1 Rac8 17.f4 Na6 18.b5 Nxb5 19.Nxb5 Qxb5 20.Rb1 Qd7 21.Qb3 Nc7 22.Bf2 Be6
23.Qa3 Nd5 24.Nd2 Rc2 25.Bxd5 Bxd5 26.Nf1 Rfc8  0-1

[Event "Rieden op"]
[Site "Rieden"]
[Date "1996.??.??"]
[Round "?"]
[White "Tompa, Janos"]
[Black "Mooser, Stefan"]
[Result "1/2-1/2"]
[WhiteElo "2445"]
[BlackElo "2260"]

1.Nf3 d5 2.g3 Nf6 3.Bg2 c6 4.b3 Bf5 5.Bb2 e6 6.d3 Be7 7.Nbd2 O-O 8.Nh4 Bg4
9.h3 Bh5 10.g4 Nfd7 11.Nhf3 Bg6 12.e3 Bf6 13.d4 c5 14.Ne5 Nc6 15.Nxg6 hxg6
16.Nf3 b5 17.O-O Rc8 18.Qe2 cxd4 19.exd4 Qb6 20.Rfd1 Rc7 21.Bf1 Rb8 22.a3 a5
23.a4 bxa4 24.Rxa4 Be7 25.Rda1 Nf6 26.Nd2 Bb4 27.Qe3 Rbc8 28.c3 Bd6 29.c4 Bb4
30.c5 Qb8 31.Bc3 e5 32.Bxb4 exd4 33.Qf4 axb4 34.Ra8 Qb7 35.Rxc8+ Qxc8 36.Bb5 Nd8
37.Qxd4 Rxc5 38.Qxb4 Rc1+ 39.Rxc1 Qxc1+ 40.Bf1 Ne6 41.Nf3 Ne4 42.Qe1 Qb2
43.b4 Qb3 44.Ne5 N6g5 45.h4 Nh3+ 46.Bxh3 Qxh3 47.f3 f6 48.fxe4 fxe5 49.exd5 Qxg4+
50.Kh2 Qf4+ 51.Qg3 Qxb4 52.Qxg6 Qd2+ 53.Kh3 Qxd5 54.Qe8+  1/2-1/2

[Event "EU-ch U16 Girls"]
[Site "Rimavska Sobota"]
[Date "1996.??.??"]
[Round "8"]
[White "Andreeva, Natalija"]
[Black "Tarachowicz, Alina"]
[Result "0-1"]
[WhiteElo "2130"]
[BlackElo "2045"]

1.Nf3 d5 2.g3 e6 3.Bg2 c6 4.O-O Bd6 5.d4 f5 6.b3 Qe7 7.Bb2 Nf6 8.c4 O-O 9.Nbd2 Bd7
10.Ne1 Be8 11.Nd3 Ne4 12.Nf3 g5 13.Nfe5 Bh5 14.Qc2 Nd7 15.f3 Nef6 16.Nf2 g4
17.Nfd3 Rae8 18.a3 Qg7 19.b4 Bg6 20.Qb3 h5 21.Nf4 Bf7 22.b5 cxb5 23.Qxb5 Re7
24.a4 Be8 25.Qb3 h4 26.cxd5 hxg3 27.hxg3 gxf3 28.Rxf3 Nxe5 29.dxe5 Bc5+ 30.e3 Ne4
31.Rd1 Ng5 32.Rff1 Bxa4 33.Qc3 Bxd1 34.Qxc5 Rc7 35.Qd4 Bb3 36.d6 Rc2 37.Nh5 Qh6
38.Nf6+ Rxf6 39.exf6 Rxg2+ 40.Kxg2 Qh3+ 41.Kf2 Ne4+ 42.Qxe4 fxe4 43.d7 Qh2+
44.Ke1 Qxg3+ 45.Ke2 Bc4+ 46.Kd2 Qd6+ 47.Kc1 Bxf1  0-1

[Event "Rosario"]
[Site "Rosario"]
[Date "1996.??.??"]
[Round "5"]
[White "Aguerreberry, Claudio"]
[Black "Spangenberg, Hugo"]
[Result "1/2-1/2"]
[WhiteElo "2265"]
[BlackElo "2505"]

1.Nf3 d5 2.g3 c6 3.Bg2 Bg4 4.d4 Nd7 5.O-O e6 6.b3 Ngf6 7.Bb2 a5 8.a4 Bb4
9.Nbd2 O-O 10.Ne1 Bf5 11.Nd3 Bd6 12.f3 Bxd3 13.exd3 e5 14.dxe5 Bxe5 15.c3 Re8
16.Re1 Qb6+ 17.d4 Bd6 18.Kh1 c5 19.Rxe8+ Rxe8 20.c4 cxd4 21.cxd5 Ne5 22.Nc4 Nxc4
23.Bxd4 Bc5 24.Bxc5 Qxc5 25.bxc4 Qxc4 26.Rc1 Qb4 27.d6 h5 28.Bh3 Rd8 29.d7 Qe7
30.Rc8 g6 31.Qd2 b6 32.Kg1 Kf8 33.Kf2 Nh7 34.Rxd8+ Qxd8 35.Qd6+ Kg8 36.f4 Nf8
37.Ke3 f5 38.Kd4 Qxd7 39.Qxd7 Nxd7 40.Bf1 Nc5 41.Bb5 h4 42.gxh4 Kg7 43.h5 g5
44.fxg5 Ne6+ 45.Ke5 Nxg5 46.Kxf5 Nf3 47.Ke4 Nd2+ 48.Kd5 Nb3  1/2-1/2

[Event "Sakthi"]
[Site "Sakthi"]
[Date "1996.??.??"]
[Round "7"]
[White "Adianto, Utut"]
[Black "Murshed, Niaz"]
[Result "1-0"]
[WhiteElo "2610"]
[BlackElo "2510"]

1.Nf3 d5 2.g3 c6 3.Bg2 Bg4 4.O-O Nd7 5.d3 e6 6.Nbd2 Ngf6 7.c4 Be7 8.b3 O-O
9.Bb2 h6 10.Qc2 Nh7 11.e4 Bf6 12.d4 Rc8 13.Rfe1 b5 14.Rac1 bxc4 15.bxc4 dxe4
16.Nxe4 Bxf3 17.Bxf3 Ng5 18.Nxg5 Bxg5 19.Rcd1 Bf6 20.c5 Qc7 21.Bc3 e5 22.dxe5 Nxe5
23.Bxe5 Bxe5 24.Qf5 Bc3 25.Re3 Qa5 26.Rd7 Rcd8 27.Rxd8 Rxd8 28.Bxc6 g6 29.Qf3 Bd4
30.Bd5 Bxe3 31.Qxf7+ Kh8 32.Qf6+ Kh7 33.Qe7+ Kh8 34.Qxe3 Qc7 35.Qxh6+ Qh7
36.Qg5 Rd7 37.c6  1-0

[Event "Salongernas Elo"]
[Site "Salongernas"]
[Date "1996.??.??"]
[Round "?"]
[White "Kyhle, Bo"]
[Black "Eriksson, Jorgen"]
[Result "1/2-1/2"]
[WhiteElo "2290"]
[BlackElo "2215"]

1.Nf3 d5 2.g3 Nf6 3.Bg2 Bg4 4.d3 Nc6 5.Nbd2 e5 6.h3 Bh5 7.g4 Bg6 8.Nh4 Bc5
9.Nxg6 hxg6 10.e3 Qd7 11.a3 a5 12.b3 Ng8 13.Bb2 Nge7 14.Nf3 d4 15.exd4 exd4
16.Ng5 O-O 17.O-O Nd5 18.Qf3 Rad8 19.Rae1 Be7 20.Bc1 Bxg5 21.Bxg5 f6 22.Bd2 Qd6
23.Qe4 Kf7 24.Qxd5+ Qxd5 25.Bxd5+ Rxd5 26.Re2 a4 27.b4 Rfd8 28.Kg2 Na7 29.Rfe1 R8d7
30.Re8 Nb5 31.Ra8 Nxa3 32.Rxa4 Nb5 33.Ra8 g5 34.Ree8 c6 35.Kf3 Kg6 36.Re1 Nc7
37.Ra7 Rb5 38.Raa1 Nd5 39.Rab1 Rd8 40.Re4 c5 41.Rb3 b6 42.bxc5 Rxb3 43.cxb3 bxc5
44.Re6 Rb8 45.Rc6 Rb5 46.Ke4 Ne7 47.Rc7 Kf7 48.f4 gxf4 49.Bxf4 Ke6 50.h4 g6
51.h5 f5+ 52.gxf5+ gxf5+ 53.Kf3 Rxb3 54.Bg5 Nd5 55.Rc6+ Kf7 56.Rxc5 Rxd3+
57.Kg2 Ne3+ 58.Kg3 Nd5+ 59.Kh4 Ke6 60.Rc6+ Ke5 61.Rc1 Nf4 62.Bxf4+ Kxf4 63.h6 Rd2
64.Rh1 Ra2 65.h7 Ra8 66.Rf1+ Ke4 67.Kg5 Rh8 68.Kg6 f4 69.Kg7 Rd8 70.Re1+ Kf3
71.Rd1 Ke3 72.h8=Q Rxh8 73.Kxh8 d3 74.Re1+ Kf2 75.Re8 d2 76.Rd8 Ke2 77.Re8+ Kd1
78.Rf8 Ke1 79.Re8+ Kf2 80.Rd8 Ke3 81.Re8+ Kf3 82.Rd8 Ke2  1/2-1/2

[Event "Sao Paulo-ch"]
[Site "Sao Paulo"]
[Date "1996.??.??"]
[Round "4"]
[White "Braga, Cicero"]
[Black "Souza Neves, Andrey M"]
[Result "1-0"]
[WhiteElo "2390"]
[BlackElo "2150"]

1.g3 d5 2.Nf3 c6 3.Bg2 Nf6 4.O-O Bg4 5.b3 Nbd7 6.Bb2 e6 7.d3 Be7 8.c4 O-O
9.Na3 a5 10.Nc2 Qc7 11.a3 h6 12.Ne3 Bh5 13.Bc3 Bg6 14.Qd2 c5 15.cxd5 exd5
16.Rfc1 Qb6 17.Bxf6 Nxf6 18.Nh4 Rfd8 19.Nxg6 fxg6 20.Rab1 Qe6 21.a4 b6 22.Rc2 Rab8
23.Rd1 d4 24.Nc4 Nd5 25.Bxd5 Rxd5 26.Qf4 Rb7 27.Qe4 Qf5 28.f4 Bf6 29.Ne5 Qxe4
30.dxe4 Rd8 31.Nc4 Be7 32.Kg2 Ra8 33.Na3 Kf7 34.Kf3 Re8 35.Rd3 Bd8 36.Nb5 Ke6
37.e3 dxe3 38.Rd6+ Kf7 39.Kxe3 g5 40.Rcd2 gxf4+ 41.gxf4 Be7 42.Rd7 Rxd7 43.Rxd7 Rb8
44.e5 Ke6 45.Ra7 Bf8 46.Ke4 g6 47.Nc7+  1-0

[Event "Sas van Gent"]
[Site "Sas van Gent"]
[Date "1996.??.??"]
[Round "6"]
[White "Van der Weide, Karel"]
[Black "De Wolf, Johan"]
[Result "1-0"]
[WhiteElo "2365"]
[BlackElo "2275"]

1.Nf3 d5 2.g3 c6 3.Bg2 h6 4.O-O Bf5 5.d3 Nf6 6.Nbd2 e6 7.Qe1 Nbd7 8.e4 dxe4
9.dxe4 Bh7 10.Qe2 Qc7 11.Rd1 Be7 12.e5 Nd5 13.c4 Nb4 14.Ne4 O-O-O 15.Nd6+ Bxd6
16.exd6 Qb6 17.Be3 c5 18.Rd2 Be4 19.a3 Nc6 20.b4 f5 21.bxc5 Qa5 22.Nd4 Nxd4
23.Bxd4 Bxg2 24.Kxg2 e5 25.Be3 g5 26.Rb1 f4 27.Qf3 Qa6 28.Rdb2 Qc6 29.Qxc6+ bxc6
30.Rb7  1-0